La gloria de don Ramiro: una vida en los tiempos de Felipe II

Guardat en:
Dades bibliogràfiques
Autor principal: Larreta, Enrique (Autor)
Format: Llibre
Idioma:espanyol
Publicat: Madrid Aguilar 1962
Matèries:
Etiquetes: Afegir etiqueta
Sense etiquetes, Sigues el primer a etiquetar aquest registre!

MARC

LEADER 00000nam a2200000 a 4500
001 UCT7628
003 CL-VaPUC
008 970123e19620000SP |||||||||||||||||spa|d
082 0 4 |a Ar863  |b LAR  |2 21 
100 |a Larreta, Enrique  |e author  |9 342283 
245 1 3 |a La gloria de don Ramiro: una vida en los tiempos de Felipe II 
300 |a 517 p 
942 |c BK 
945 |d 19970123 00:00:00  |a rleighto 
260 |a Madrid  |b Aguilar  |c 1962 
650 0 |a Novelas argentinas  |9 267871 
583 |a last modification  |c 19970123 00:00:00  |k Rodrigo Vera 
999 |c 256189  |d 256187 
952 |0 0  |1 0  |4 0  |6 AR_863_000000000000000_LAR_1962  |7 0  |8 A  |9 278777  |a BIBEDU  |b BIBEDU  |d 2019-11-19  |i 3271552  |o Ar863 LAR 1962  |p 3271552  |r 2019-11-19  |w 2019-11-19  |y BK  |k LIT